[Event "Coimbra op"]
[Site "Coimbra"]
[Date "2014.04.25"]
[Round "2"]
[White "Goncalves, Joao Pedro Mendes"]
[Black "Barrento, Jorge Maria Lopes"]
[Result "0-1"]
[WhiteElo "1554"]
[BlackElo "1735"]
[PlyCount "78"]
[EventDate "2014.04.25"]
[EventType "swiss"]
[EventRounds "7"]
[EventCountry "POR"]
[SourceTitle "CBM 160 Extra"]
[Source "ChessBase"]
[SourceDate "2014.07.01"]
[SourceVersion "1"]
[SourceVersionDate "2014.07.01"]
[SourceQuality "1"]

1. d4 f5 2. g3 Nf6 3. Nf3 e6 4. Bg2 Be7 5. e3 0-0 6. 0-0 d6 7. c3 Nbd7 8. Nbd2 Ne4 9. Nxe4 fxe4 10. Ng5 Bxg5 11. Bxe4 Be7 12. Qg4 Nf6 13. Qf3 Nxe4 14. Qxe4 Bf6 15. d5 exd5 16. Qxd5+ Kh8 17. e4 c6 18. Qd3 Bh3 19. Rd1 Qb6 20. Qxd6 Rad8 21. Be3 Qxb2 22. Qb4 Qxb4 23. cxb4 Bxa1 24. Rxd8 Rxd8 25. f4 Bd4 26. Kf2 Bxe3+ 27. Kxe3 a5 28. a3 Kg8 29. f5 Kf7 30. Kf4 axb4 31. axb4 Rd4 32. g4 Bg2 33. Ke5 Rxe4+ 34. Kd6 Rxg4 35. Kc7 Rxb4 36. h4 c5 37. Kd6 Rxh4 38. Kxc5 Rh5 39. Kb6 Rxf5 0-1

[Event "POR-chT3 final"]
[Site "Matosinhos"]
[Date "2013.08.25"]
[Round "3.2"]
[White "Cesar, Ayrton Josefa"]
[Black "Goncalves, Joao Pedro Mendes"]
[Result "1/2-1/2"]
[WhiteElo "1605"]
[BlackElo "1546"]
[PlyCount "109"]
[EventDate "2013.08.23"]
[EventType "team-swiss"]
[EventRounds "3"]
[EventCountry "POR"]
[SourceTitle "EXT 2015"]
[Source "ChessBase"]
[SourceDate "2014.11.20"]
[SourceVersion "1"]
[SourceVersionDate "2014.11.20"]
[SourceQuality "1"]
[WhiteTeam "Cavadas II"]
[BlackTeam "Pedro Hispano"]
[WhiteTeamCountry "POR"]
[BlackTeamCountry "POR"]

1. e4 c5 2. Nc3 d6 3. Nf3 Nf6 4. d4 cxd4 5. Nxd4 g6 6. Bd3 Bg7 7. 0-0 0-0 8. h3 Nc6 9. Nb3 Bd7 10. Be3 Rc8 11. Qd2 a6 12. f4 b5 13. Rae1 Nb4 14. Be2 e6 15. a3 Rxc3 16. bxc3 Nxe4 17. Qd1 Na2 18. Bd3 Naxc3 19. Qf3 Nf6 20. Bd4 Ncd5 21. Qd1 Qc7 22. Qd2 Rc8 23. Qf2 a5 24. Rc1 a4 25. Nd2 b4 26. axb4 Nxb4 27. Bc4 d5 28. Bd3 a3 29. Qh4 Qd8 30. Nf3 Ba4 31. Rb1 Bxc2 32. Rxb4 Bxd3 33. Ra1 Ra8 34. Ne5 Be4 35. Rb7 Nh5 36. Qxd8+ Rxd8 37. Rxa3 Nxf4 38. Bb6 d4 39. Bxd8 Bxb7 40. Nf3 Nxh3+ 41. gxh3 Bxf3 42. Rxf3 e5 43. Kf2 e4 44. Rb3 Be5 45. Bg5 Kg7 46. Rb5 Bf6 47. Bxf6+ Kxf6 48. Rd5 d3 49. Ke3 Ke6 50. Ra5 f5 51. h4 h6 52. Ra3 Kf6 53. Ra6+ Kf7 54. Ra7+ Ke6 55. Ra6+ 1/2-1/2

[Event "POR-ch U16"]
[Site "Torres Vedras"]
[Date "2012.03.28"]
[Round "6.6"]
[White "Sousa, Tadeu Filipe Leonar"]
[Black "Goncalves, Joao Pedro Mendes"]
[Result "0-1"]
[WhiteElo "1703"]
[BlackElo "1519"]
[PlyCount "70"]
[EventDate "2012.03.25"]
[EventType "swiss"]
[EventRounds "7"]
[EventCountry "POR"]
[SourceTitle "EXT 2015"]
[Source "ChessBase"]
[SourceDate "2014.11.20"]
[SourceVersion "1"]
[SourceVersionDate "2014.11.20"]
[SourceQuality "1"]

1. e4 c5 2. Nf3 e6 3. d4 Nc6 4. d5 exd5 5. exd5 Nce7 6. c4 d6 7. Nc3 g6 8. Be2 Bg7 9. 0-0 Nf6 10. Bf4 a6 11. h3 0-0 12. Qd2 Re8 13. Rfe1 h5 14. Bd3 Qc7 15. Ng5 Bf5 16. Nf3 Qd7 17. Kh2 b5 18. cxb5 Nfxd5 19. Bxf5 Qxf5 20. Nxd5 Nxd5 21. Bxd6 Nb4 22. a3 Nc2 23. Nh4 Qd7 24. Qxc2 Qxd6+ 25. Kg1 axb5 26. Rad1 Rxe1+ 27. Rxe1 Qf6 28. Nf3 Qxb2 29. Qxc5 Rxa3 30. Re8+ Kh7 31. Ng5+ Kh6 32. Nxf7+ Kh7 33. Qc8 Qf6 34. Qe6 Ra1+ 35. Kh2 Qf4+ 0-1

[Event "POR-ch U16"]
[Site "Torres Vedras"]
[Date "2012.03.27"]
[Round "4.4"]
[White "Goncalves, Joao Pedro Mendes"]
[Black "Andias, Joao Pedro Menezes"]
[Result "0-1"]
[WhiteElo "1519"]
[BlackElo "1986"]
[PlyCount "60"]
[EventDate "2012.03.25"]
[EventType "swiss"]
[EventRounds "7"]
[EventCountry "POR"]
[SourceTitle "EXT 2015"]
[Source "ChessBase"]
[SourceDate "2014.11.20"]
[SourceVersion "1"]
[SourceVersionDate "2014.11.20"]
[SourceQuality "1"]

1. e4 c5 2. Nf3 e6 3. Qe2 Nc6 4. g3 d6 5. Bg2 g6 6. 0-0 Bg7 7. d3 Nge7 8. c3 0-0 9. h4 b6 10. Bf4 Ba6 11. Re1 Ne5 12. Rd1 N7c6 13. Bxe5 dxe5 14. Qe3 Qe7 15. Na3 Rad8 16. Rd2 Rd7 17. Rad1 Rfd8 18. Nc2 Qf8 19. g4 Qe7 20. Kh1 Rd6 21. Kg1 R8d7 22. Kh1 Qd8 23. Nce1 Na5 24. c4 Nc6 25. b3 Nd4 26. Bf1 Bb7 27. Bg2 Bc6 28. Kg1 Bb7 29. Kh1 f5 30. g5 f4 0-1